[Event "British Rapidplay"]
[Site "Peterborough"]
[Date "2025.03.01"]
[Round "2.10"]
[White "Andal, Edmond"]
[Black "Badacsonyi, Stanley"]
[Result "0-1"]
[WhiteElo "2011"]
[BlackElo "2334"]
[PlyCount "106"]
[EventDate "2025.03.01"]
[EventType "swiss (rapid)"]
[EventRounds "11"]
[EventCountry "ENG"]
[SourceTitle "BritBase"]
[Source "John Saunders"]
[SourceDate "2025.03.03"]
[SourceVersion "1"]
[SourceVersionDate "2025.03.03"]
[SourceQuality "2"]

1. Nf3 Nf6 2. d4 g6 3. Bf4 Bg7 4. e3 d6 5. Nbd2 O-O 6. Bc4 Nbd7 7. h3 Qe8 8. O-O e5 9. Bh2 e4 10. Ne1 Qe7 11. Bb3 Re8 12. c4 h5 13. Rc1 Nf8 14. Nc2 g5 15. f3 exf3 16. Qxf3 g4 17. hxg4 Bxg4 18. Qf2 Ng6 19. Rce1 Bd7 20. c5 Be6 21. cxd6 cxd6 22. Qg3 Rad8 23. Ba4 Bd7 24. Bb3 d5 25. Qg5 Bb5 26. Rf3 Qe6 27. e4 Qg4 28. Rg3 Qxg5 29. Rxg5 Bh6 30. Rxg6+ fxg6 31. Be5 Bxd2 32. Bxf6 Bxe1 33. Bxd8 Rxd8 34. Nxe1 Bc6 35. Nd3 Kg7 36. e5 Rf8 37. Nc5 Kh6 38. Ne6 Rf7 39. g3 Rf3 40. Kg2 Rd3 41. Kf2 g5 42. Kg2 a5 43. Kf1 a4 44. Bc2 Rxg3 45. Nc5 h4 46. Kf2 a3 47. bxa3 Rxa3 48. Bb3 g4 49. Ne6 Ra8 50. Kg2 Kg6 51. Bc2+ Kf7 52. Ng5+ Ke7 53. Bb3 Rf8 0-1

[Event "British Rapidplay"]
[Site "Peterborough"]
[Date "2025.03.01"]
[Round "2.11"]
[White "Alizada, Eldar"]
[Black "Bowcott-Terry, Finlay"]
[Result "0-1"]
[WhiteElo "1997"]
[BlackElo "2202"]
[PlyCount "78"]
[EventDate "2025.03.01"]
[EventType "swiss (rapid)"]
[EventRounds "11"]
[EventCountry "ENG"]
[SourceTitle "BritBase"]
[Source "John Saunders"]
[SourceDate "2025.03.03"]
[SourceVersion "1"]
[SourceVersionDate "2025.03.03"]
[SourceQuality "2"]

1. d4 f5 2. Nc3 Nf6 3. Bg5 d5 4. Bxf6 exf6 5. e3 Be6 6. Bd3 Qd7 7. Nge2 c6 8. O-O Bd6 9. f3 Qc7 10. h3 Nd7 11. e4 fxe4 12. fxe4 dxe4 13. Nxe4 O-O-O 14. Nxd6+ Qxd6 15. c3 g5 16. Bf5 Bxf5 17. Rxf5 h5 18. Qf1 Rde8 19. Rd1 Re3 20. Rf3 Rhe8 21. Rxe3 Rxe3 22. Qf2 Qe6 23. Kf1 Nb6 24. Ng3 h4 25. Ne2 Nc4 26. Nc1 Re4 27. Kg1 Ne3 28. Re1 Nd5 29. Rxe4 Qxe4 30. Qe2 Qb1 31. Qd2 Nf4 32. Kh2 Qe4 33. Qf2 f5 34. Qf3 Qc2 35. Nb3 Qxb2 36. Nc5 Qxa2 37. Nd3 Qe2 38. Nxf4 Qxf3 39. gxf3 gxf4 0-1

[Event "British Rapidplay"]
[Site "Peterborough"]
[Date "2025.03.01"]
[Round "2.12"]
[White "Sarakauskas, Gediminas"]
[Black "Hng, Mei-En Emmanuelle"]
[Result "1/2-1/2"]
[WhiteElo "2323"]
[BlackElo "2136"]
[PlyCount "76"]
[EventDate "2025.03.01"]
[EventType "swiss (rapid)"]
[EventRounds "11"]
[EventCountry "ENG"]
[SourceTitle "BritBase"]
[Source "John Saunders"]
[SourceDate "2025.03.03"]
[SourceVersion "1"]
[SourceVersionDate "2025.03.03"]
[SourceQuality "2"]

1. e4 d6 2. d4 Nf6 3. Nc3 g6 4. g3 Bg7 5. Bg2 Nbd7 6. Nge2 O-O 7. O-O c5 8. h3 Rb8 9. dxc5 Nxc5 10. Be3 b6 11. g4 h5 12. g5 Nfd7 13. Bd4 Ne6 14. Bxg7 Kxg7 15. f4 b5 16. Qd2 Nb6 17. Nxb5 Na4 18. Nec3 Ba6 19. f5 Bxb5 20. Nxb5 Qb6+ 21. Kh1 Qxb5 22. fxe6 fxe6 23. b3 Nb6 24. Qc3+ e5 25. a4 Qd7 26. a5 Na8 27. h4 Nc7 28. Bh3 Nb5 29. Qxe5+ dxe5 30. Bxd7 Nd4 31. Rxf8 Rxf8 32. b4 Rf2 33. Kg1 Rxc2 34. b5 Nf3+ 35. Kf1 Nh2+ 36. Ke1 Nf3+ 37. Kf1 Nh2+ 38. Ke1 Nf3+ 1/2-1/2

[Event "British Rapidplay"]
[Site "Peterborough"]
[Date "2025.03.01"]
[Round "2.13"]
[White "Quilter, Thomas A"]
[Black "Buckley, Graeme N"]
[Result "0-1"]
[WhiteElo "2162"]
[BlackElo "2268"]
[PlyCount "78"]
[EventDate "2025.03.01"]
[EventType "swiss (rapid)"]
[EventRounds "11"]
[EventCountry "ENG"]
[SourceTitle "BritBase"]
[Source "John Saunders"]
[SourceDate "2025.03.03"]
[SourceVersion "1"]
[SourceVersionDate "2025.03.03"]
[SourceQuality "2"]

1. e4 c5 2. a3 g6 3. Bc4 Bg7 4. Nc3 Nc6 5. d3 e6 6. Bf4 d6 7. Nf3 Nge7 8. Qd2 h6 9. O-O a6 10. Ba2 b5 11. Be3 Nd4 12. Ne1 e5 13. f4 exf4 14. Bxf4 Be6 15. Bxe6 fxe6 16. Nd1 O-O 17. Ne3 Nec6 18. Rd1 Be5 19. Bxe5 Nxe5 20. Rxf8+ Qxf8 21. c3 Nb3 22. Qc2 Qf4 23. Nf1 Rf8 24. Qe2 Nc1 25. Rxc1 Qxc1 26. d4 cxd4 27. cxd4 Qc4 28. Qxc4 Nxc4 29. Nd3 a5 30. Ng3 Nd2 31. e5 dxe5 32. Nxe5 Rc8 33. Nxg6 Rc2 34. Nf4 Rxb2 35. Nxe6 b4 36. axb4 a4 37. d5 Nc4 38. Ne4 a3 39. d6 a2 0-1

[Event "British Rapidplay"]
[Site "Peterborough"]
[Date "2025.03.01"]
[Round "2.14"]
[White "Boswell, Jacob Connor"]
[Black "Vijayakumar, Rishi"]
[Result "1/2-1/2"]
[WhiteElo "2245"]
[BlackElo "2311"]
[PlyCount "43"]
[EventDate "2025.03.01"]
[EventType "swiss (rapid)"]
[EventRounds "11"]
[EventCountry "ENG"]
[SourceTitle "BritBase"]
[Source "John Saunders"]
[SourceDate "2025.03.03"]
[SourceVersion "1"]
[SourceVersionDate "2025.03.03"]
[SourceQuality "2"]

1. e4 e5 2. Nf3 Nc6 3. Bc4 Nf6 4. d3 h6 5. c3 d6 6. a4 g6 7. O-O Bg7 8. b4 O-O 9. Be3 Kh7 10. h3 Qe8 11. Nbd2 Be6 12. b5 Na5 13. Bxe6 Qxe6 14. Re1 c5 15. bxc6 bxc6 16. Rb1 Rfb8 17. Qc2 Qe7 18. Rb4 c5 19. Rb5 Qc7 20. Reb1 a6 21. R5b2 Nd7 22. Rxb8 1/2-1/2

[Event "British Rapidplay"]
[Site "Peterborough"]
[Date "2025.03.01"]
[Round "2.15"]
[White "Kanyamarala, Tarun"]
[Black "Iyengar, Ilya"]
[Result "1-0"]
[WhiteElo "2389"]
[BlackElo "1979"]
[PlyCount "47"]
[EventDate "2025.03.01"]
[EventType "swiss (rapid)"]
[EventRounds "11"]
[EventCountry "ENG"]
[SourceTitle "BritBase"]
[Source "John Saunders"]
[SourceDate "2025.03.03"]
[SourceVersion "1"]
[SourceVersionDate "2025.03.03"]
[SourceQuality "2"]

1. d4 Nf6 2. Nf3 g6 3. c4 Bg7 4. Nc3 O-O 5. e4 d6 6. Be2 e5 7. d5 a5 8. h3 Na6 9. Bg5 h6 10. Be3 Nc5 11. Nd2 c6 12. g4 Nfd7 13. h4 a4 14. h5 g5 15. b4 axb3 16. axb3 Rxa1 17. Qxa1 Qb6 18. O-O Nxb3 19. Nxb3 Qxb3 20. Rb1 Qc2 21. Qa3 cxd5 22. Rc1 Qxc1+ 23. Bxc1 dxe4 24. Nxe4 1-0

[Event "British Rapidplay"]
[Site "Peterborough"]
[Date "2025.03.01"]
[Round "2.16"]
[White "Yu, Rock"]
[Black "Bradbury, Neil H"]
[Result "1-0"]
[WhiteElo "2048"]
[BlackElo "2148"]
[PlyCount "91"]
[EventDate "2025.03.01"]
[EventType "swiss (rapid)"]
[EventRounds "11"]
[EventCountry "ENG"]
[SourceTitle "BritBase"]
[Source "John Saunders"]
[SourceDate "2025.03.03"]
[SourceVersion "1"]
[SourceVersionDate "2025.03.03"]
[SourceQuality "2"]

1. Nf3 Nf6 2. g3 d5 3. Bg2 g6 4. b3 Bg7 5. Bb2 O-O 6. c4 c6 7. O-O Nbd7 8. d4 a5 9. Nbd2 a4 10. Re1 Qa5 11. Qc2 a3 12. Bc3 Qa6 13. e4 dxe4 14. Nxe4 Nxe4 15. Qxe4 Re8 16. Qf4 c5 17. Rad1 Nf8 18. Ng5 Qf6 19. Qxf6 Bxf6 20. Ne4 Bg4 21. Nxf6+ exf6 22. f3 cxd4 23. Rxe8 Rxe8 24. Bxd4 Bf5 25. Bxf6 Nd7 26. Bc3 Re2 27. g4 Be6 28. Rd2 Re3 29. Bb4 Ne5 30. Kf2 Rd3 31. Ke2 Rxd2+ 32. Kxd2 Bd7 33. Bxa3 Bc6 34. Bd6 Nxg4 35. b4 Nh6 36. b5 Bd7 37. a4 Nf5 38. Bb4 Nh4 39. Bh1 g5 40. a5 Bc8 41. Be7 h6 42. Bd6 Ng6 43. c5 f5 44. f4 Kf7 45. Bd5+ Ke8 46. c6 1-0

[Event "British Rapidplay"]
[Site "Peterborough"]
[Date "2025.03.01"]
[Round "2.17"]
[White "Larchikov, Maksym"]
[Black "Nicholas, Koichi B"]
[Result "1-0"]
[WhiteElo "2050"]
[BlackElo "2066"]
[PlyCount "97"]
[EventDate "2025.03.01"]
[EventType "swiss (rapid)"]
[EventRounds "11"]
[EventCountry "ENG"]
[SourceTitle "BritBase"]
[Source "John Saunders"]
[SourceDate "2025.03.03"]
[SourceVersion "1"]
[SourceVersionDate "2025.03.03"]
[SourceQuality "2"]

1. d4 Nf6 2. c4 c5 3. d5 e5 4. Nc3 d6 5. e4 g6 6. g3 Bg7 7. Bg2 O-O 8. Nge2 Na6 9. O-O Nc7 10. f4 exf4 11. gxf4 Re8 12. Ng3 Ng4 13. Nce2 Qh4 14. h3 Nf6 15. Kh2 b5 16. Bd2 bxc4 17. a4 Ng4+ 18. Kg1 Nh6 19. Be1 Bxh3 20. Nf5 Qg4 21. Ne3 Qd7 22. Qc2 Rab8 23. Nxc4 Bxg2 24. Kxg2 Ng4 25. Bc3 Nf6 26. Ng3 Na6 27. Rae1 Nb4 28. Qd1 Re7 29. Rf2 Ne8 30. Rfe2 Bh6 31. Rf2 Na2 32. Bd2 Bg7 33. b3 Nb4 34. Rf3 Qg4 35. Ne3 Qh4 36. Rh1 Qf6 37. Nc4 Qd4 38. Qe2 Nc7 39. Bc3 Qxc3 40. Rxc3 Bxc3 41. Qf3 Bd4 42. Nxd6 Nc2 43. Nc4 Rd8 44. d6 Red7 45. dxc7 Rxc7 46. e5 Rb8 47. Ne4 h5 48. Ned6 Na1 49. Nb5 1-0

[Event "British Rapidplay"]
[Site "Peterborough"]
[Date "2025.03.01"]
[Round "2.18"]
[White "Jackson, Sheila"]
[Black "Pritchett, Craig William"]
[Result "1/2-1/2"]
[WhiteElo "2031"]
[BlackElo "2177"]
[PlyCount "104"]
[EventDate "2025.03.01"]
[EventType "swiss (rapid)"]
[EventRounds "11"]
[EventCountry "ENG"]
[SourceTitle "BritBase"]
[Source "John Saunders"]
[SourceDate "2025.03.03"]
[SourceVersion "1"]
[SourceVersionDate "2025.03.03"]
[SourceQuality "2"]

1. e4 c5 2. Nf3 e6 3. d4 cxd4 4. Nxd4 a6 5. c4 Nf6 6. Nc3 Qc7 7. Bg5 Be7 8. Bd3 d6 9. O-O Nbd7 10. b3 O-O 11. Rc1 Ne5 12. Be2 Ng6 13. Kh1 Bd7 14. Qd2 Rac8 15. Be3 Rfe8 16. f4 Bf8 17. f5 exf5 18. exf5 Ne5 19. Bg5 Be7 20. Bxf6 Bxf6 21. Nd5 Qd8 22. Nxf6+ Qxf6 23. g4 h6 24. h3 Nc6 25. Nxc6 Bxc6+ 26. Bf3 Bxf3+ 27. Rxf3 Re4 28. Rd3 Rce8 29. Rxd6 Qh4 30. Rd3 Rxg4 31. Rf1 Rge4 32. Rdf3 Re2 33. Qd7 Qe4 34. a4 Qc2 35. Qd6 R8e5 36. Rg3 Rh2+ 37. Kg1 Ree2 38. Qd5 Rd2 39. Qxb7 Rhf2 40. Rxf2 Rxf2 41. Rg2 Rxg2+ 42. Qxg2 Qxb3 43. Qa8+ Kh7 44. Qxa6 Qg3+ 45. Kf1 Qxh3+ 46. Ke2 Qxf5 47. Qb5 Qe4+ 48. Kd2 Qd4+ 49. Kc2 Qf2+ 50. Kb3 f5 51. a5 Qe3+ 52. Kb4 Qd2+ 1/2-1/2

[Event "British Rapidplay"]
[Site "Peterborough"]
[Date "2025.03.01"]
[Round "2.19"]
[White "Cancedda-Dupuis, Livio"]
[Black "Goh, Jinghan Cameron"]
[Result "1/2-1/2"]
[WhiteElo "2053"]
[BlackElo "2102"]
[PlyCount "44"]
[EventDate "2025.03.01"]
[EventType "swiss (rapid)"]
[EventRounds "11"]
[EventCountry "ENG"]
[SourceTitle "BritBase"]
[Source "John Saunders"]
[SourceDate "2025.03.03"]
[SourceVersion "1"]
[SourceVersionDate "2025.03.03"]
[SourceQuality "2"]

1. Nf3 Nf6 2. c4 e6 3. d4 d5 4. e3 c5 5. dxc5 Bxc5 6. Nc3 Nc6 7. cxd5 exd5 8. Bb5 O-O 9. Bxc6 bxc6 10. O-O Bg4 11. b3 Re8 12. Bb2 Re6 13. Rc1 Bd6 14. Ne2 Bxf3 15. gxf3 Nh5 16. Ng3 Qh4 17. f4 Rh6 18. Kg2 Nxg3 19. hxg3 Qh3+ 20. Kf3 Qh5+ 21. Kg2 Qh3+ 22. Kf3 Qh5+ 1/2-1/2

[Event "British Rapidplay"]
[Site "Peterborough"]
[Date "2025.03.01"]
[Round "2.20"]
[White "Baer, Bruce L"]
[Black "Vaidyanathan, Adithya"]
[Result "0-1"]
[WhiteElo "1976"]
[BlackElo "2037"]
[PlyCount "134"]
[EventDate "2025.03.01"]
[EventType "swiss (rapid)"]
[EventRounds "11"]
[EventCountry "ENG"]
[SourceTitle "BritBase"]
[Source "John Saunders"]
[SourceDate "2025.03.03"]
[SourceVersion "1"]
[SourceVersionDate "2025.03.03"]
[SourceQuality "2"]

1. Nf3 c5 2. g3 Nc6 3. Bg2 g6 4. d3 Bg7 5. O-O e5 6. e4 Nge7 7. Nc3 d6 8. Nd2 O-O 9. Nc4 a6 10. a4 f5 11. Bg5 h6 12. Bxe7 Nxe7 13. a5 Be6 14. exf5 Nxf5 15. Bxb7 Rb8 16. Bxa6 Nd4 17. f3 Bh3 18. Rf2 d5 19. Nb6 Be6 20. Nbxd5 Rxb2 21. Bc4 Kh7 22. a6 Bd7 23. Ne4 Bc6 24. Ne3 h5 25. Kg2 Bh6 26. Nf1 Qa8 27. Nfd2 Rxc2 28. Ra2 Rxa2 29. Bxa2 Qxa6 30. Bc4 Qa3 31. Nb3 Be3 32. Nxd4 cxd4 33. Ra2 Qb4 34. h4 Kh6 35. Re2 Ra8 36. Ng5 Qc3 37. Rc2 Ba4 38. Rxc3 Bxd1 39. Nf7+ Kg7 40. Rb3 Ra2+ 41. Kh3 Bxf3 42. Nxe5 Bg2+ 43. Kh2 Ba8+ 44. Kh3 Bg2+ 45. Kh2 Bb7+ 46. Kh3 Bc8+ 47. g4 hxg4+ 48. Nxg4 Rf2 49. Kg3 Rf1 50. Nxe3 dxe3 51. d4 Rd1 52. Rxe3 Rxd4 53. Be6 Bb7 54. Bg4 Bd5 55. Be6 Bc6 56. Rc3 Be4 57. Bg4 Kh6 58. Re3 Bd5 59. Rc3 Rd2 60. Bf3 Bf7 61. Rc7 Be8 62. Re7 Bb5 63. Re5 Bc4 64. Rc5 Ba2 65. Rc6 Rd3 66. Rc5 Bf7 67. Rc7 Bd5 0-1

[Event "British Rapidplay"]
[Site "Peterborough"]
[Date "2025.03.01"]
[Round "2.21"]
[White "White, Stuart A"]
[Black "Southcott-Moyers, Indy"]
[Result "1/2-1/2"]
[WhiteElo "2024"]
[BlackElo "2227"]
[PlyCount "139"]
[EventDate "2025.03.01"]
[EventType "swiss (rapid)"]
[EventRounds "11"]
[EventCountry "ENG"]
[SourceTitle "BritBase"]
[Source "John Saunders"]
[SourceDate "2025.03.03"]
[SourceVersion "1"]
[SourceVersionDate "2025.03.03"]
[SourceQuality "2"]

1. c4 e6 2. g3 d5 3. Bg2 Nf6 4. Nf3 dxc4 5. Qa4+ Bd7 6. Qxc4 c5 7. Ne5 Qc8 8. O-O Nc6 9. Nxd7 Qxd7 10. d3 Rc8 11. Qa4 Nd4 12. Qd1 Be7 13. Nc3 O-O 14. a3 b6 15. Bd2 Rfd8 16. Be3 Nf5 17. Bf4 Bd6 18. Bg5 Be7 19. Rb1 h6 20. Bf4 Bd6 21. Bxd6 Qxd6 22. Qa4 Qd7 23. Qxd7 Rxd7 24. Rfc1 Nd4 25. Kf1 Nb3 26. Rd1 Kf8 27. e3 Ke7 28. Ke2 Ne8 29. Na2 Nd6 30. Nc1 Nxc1+ 31. Rbxc1 Rdc7 32. b3 a5 33. Rc2 Nb5 34. a4 Nd6 35. Rdc1 Kd8 36. h4 Rd7 37. g4 Rcc7 38. Bf3 g6 39. g5 h5 40. Be4 Nc8 41. f4 Nd6 42. Rd1 Ke7 43. Rh1 Rc8 44. Bg2 Rcd8 45. Bh3 Nc8 46. Rd1 Ke8 47. Rcd2 Ne7 48. d4 cxd4 49. Rxd4 Rxd4 50. Rxd4 Rxd4 51. exd4 Nd5 52. Kf3 Ke7 53. Bf1 Kd8 54. Bc4 Ne7 55. Bd3 Kc7 56. Be4 Kd6 57. Ke3 Nc8 58. Kd3 Ne7 59. Ke3 Nf5+ 60. Bxf5 gxf5 61. Kd2 Kc6 62. Kc3 b5 63. Kd2 bxa4 64. bxa4 Kd5 65. Kd3 Kd6 66. Kc4 Kc6 67. Kc3 Kd6 68. Kc4 Kc6 69. Kc3 Kd5 70. Kd3 1/2-1/2

[Event "British Rapidplay"]
[Site "Peterborough"]
[Date "2025.03.01"]
[Round "2.22"]
[White "Shearsby, Jude"]
[Black "Mokhber-Garcia, Sebastian"]
[Result "1-0"]
[WhiteElo "2152"]
[BlackElo "1908"]
[PlyCount "125"]
[EventDate "2025.03.01"]
[EventType "swiss (rapid)"]
[EventRounds "11"]
[EventCountry "ENG"]
[SourceTitle "BritBase"]
[Source "John Saunders"]
[SourceDate "2025.03.03"]
[SourceVersion "1"]
[SourceVersionDate "2025.03.03"]
[SourceQuality "2"]

1. e4 e5 2. Nf3 Nc6 3. Bb5 Nf6 4. d3 Bc5 5. O-O Qe7 6. c3 a6 7. Ba4 b5 8. Bc2 d6 9. d4 exd4 10. cxd4 Bb6 11. e5 dxe5 12. dxe5 Nd7 13. Bg5 Qe6 14. Bb3 Qf5 15. Re1 Nc5 16. Bd5 Bb7 17. Nc3 O-O 18. Qe2 h6 19. Be3 Rfe8 20. Bxc5 Bxc5 21. Rad1 Kh8 22. Nxb5 axb5 23. Qxb5 Bb6 24. Bxc6 Bxf2+ 25. Kxf2 Qc2+ 26. Rd2 Qxc6 27. Qxc6 Bxc6 28. a3 Ba4 29. Rc1 c6 30. Rd7 Kg8 31. Rb7 Reb8 32. Rxb8+ Rxb8 33. b4 Rd8 34. Ke3 Rd5 35. Ke4 f6 36. exf6 gxf6 37. Nd4 Re5+ 38. Kf4 Rd5 39. Nxc6 Rd3 40. Ne7+ Kf7 41. Nf5 Rxa3 42. Rc7+ Kf8 43. Ra7 Ra2 44. g4 h5 45. h3 hxg4 46. hxg4 Ra1 47. Ne3 Ke8 48. Ra6 Kd7 49. Rxf6 Bc6 50. Nc4 Kc7 51. Rf7+ Kc8 52. Ke5 Rd1 53. g5 Rd5+ 54. Kf6 Rd4 55. Ne5 Bd5 56. g6 Rxb4 57. g7 Bxf7 58. Nxf7 Rb6+ 59. Kf5 Rb5+ 60. Ne5 Kc7 61. g8=Q Rb8 62. Qc4+ Kb7 63. Qb5+ 1-0

[Event "British Rapidplay"]
[Site "Peterborough"]
[Date "2025.03.01"]
[Round "2.23"]
[White "Waterfield, Mark"]
[Black "Raju, Sooraj Menothuparam"]
[Result "0-1"]
[WhiteElo "1913"]
[BlackElo "2154"]
[PlyCount "78"]
[EventDate "2025.03.01"]
[EventType "swiss (rapid)"]
[EventRounds "11"]
[EventCountry "ENG"]
[SourceTitle "BritBase"]
[Source "John Saunders"]
[SourceDate "2025.03.03"]
[SourceVersion "1"]
[SourceVersionDate "2025.03.03"]
[SourceQuality "2"]

1. e4 Nf6 2. e5 Nd5 3. d4 d6 4. exd6 cxd6 5. c4 Nb6 6. Nf3 g6 7. Be2 Bg7 8. O-O O-O 9. Nc3 Nc6 10. h3 Bf5 11. Be3 d5 12. c5 Nc4 13. Bxc4 dxc4 14. d5 Nb4 15. Bd4 Bd3 16. Bxg7 Kxg7 17. Re1 Re8 18. Rc1 Nxd5 19. Ne5 Nxc3 20. Rxc3 Qd5 21. Nxd3 Rad8 22. Re3 e5 23. Qb1 cxd3 24. Rexd3 Qe6 25. b3 e4 26. Rxd8 Rxd8 27. Qc2 Qc6 28. Rc4 f5 29. Qc3+ Qf6 30. c6 Qxc3 31. Rxc3 bxc6 32. Rxc6 Rd1+ 33. Kh2 Rd2 34. Rc7+ Kf6 35. Rxa7 Rxf2 36. Kg1 e3 37. a4 Rb2 38. Rxh7 Rb1+ 39. Kh2 e2 0-1

[Event "British Rapidplay"]
[Site "Peterborough"]
[Date "2025.03.01"]
[Round "2.24"]
[White "Sasikumar, Srivathsan"]
[Black "Hryshchenko, Kamila"]
[Result "0-1"]
[WhiteElo "1868"]
[BlackElo "2119"]
[PlyCount "129"]
[EventDate "2025.03.01"]
[EventType "swiss (rapid)"]
[EventRounds "11"]
[EventCountry "ENG"]
[SourceTitle "BritBase"]
[Source "John Saunders"]
[SourceDate "2025.03.03"]
[SourceVersion "1"]
[SourceVersionDate "2025.03.03"]
[SourceQuality "2"]

1. e4 d6 2. d4 g6 3. Nc3 Bg7 4. f4 Nf6 5. Nf3 c5 6. Be2 O-O 7. O-O cxd4 8. Nxd4 Nc6 9. Nxc6 bxc6 10. Be3 Qc7 11. Bf3 Nd7 12. Qd2 Nb6 13. b3 Bb7 14. Rad1 Rfd8 15. Kh1 d5 16. Bxb6 axb6 17. exd5 cxd5 18. Nxd5 Bxd5 19. Bxd5 e6 20. Bxa8 Rxd2 21. Rxd2 Bh6 22. Rdf2 Qa7 23. Be4 Qxa2 24. Bd3 Qb2 25. Rf3 Qa3 26. Bc4 Qb4 27. Rg3 b5 28. Bd3 Bxf4 29. Rgf3 e5 30. g3 f5 31. gxf4 e4 32. Rg3 exd3 33. Rxd3 Kf7 34. Kg2 Qe4+ 35. Kg1 Qc6 36. Rf2 Qc5 37. Kg2 Qc6+ 38. Kg1 Qe4 39. Rd7+ Kg8 40. Rd8+ Kg7 41. Rd7+ Kh6 42. Rd3 Qe1+ 43. Kg2 b4 44. Rh3+ Kg7 45. Rd3 Qe4+ 46. Kg1 h6 47. Rd7+ Kf6 48. Rd6+ Kf7 49. Rd7+ Ke6 50. Rdd2 Qb7 51. Rd3 g5 52. Re2+ Kf7 53. Rf2 Qe4 54. Rdf3 g4 55. Rd3 h5 56. Rd7+ Ke6 57. Rdd2 Qc6 58. Rd3 h4 59. Re3+ Kf6 60. Rfe2 Qc5 61. Kf1 Qd5 62. Kg1 Qd4 63. Kh1 Qxf4 64. Kg1 Qd4 65. Kg2 0-1

[Event "British Rapidplay"]
[Site "Peterborough"]
[Date "2025.03.01"]
[Round "2.25"]
[White "Banerjee, Supratit"]
[Black "Ortiz Sanchez, Luis"]
[Result "1-0"]
[WhiteElo "2250"]
[BlackElo "1913"]
[PlyCount "93"]
[EventDate "2025.03.01"]
[EventType "swiss (rapid)"]
[EventRounds "11"]
[EventCountry "ENG"]
[SourceTitle "BritBase"]
[Source "John Saunders"]
[SourceDate "2025.03.03"]
[SourceVersion "1"]
[SourceVersionDate "2025.03.03"]
[SourceQuality "2"]

1. e4 c5 2. c3 Nf6 3. e5 Nd5 4. Nf3 Nc6 5. Bc4 e6 6. O-O Be7 7. d4 cxd4 8. cxd4 d6 9. Qe2 O-O 10. Nc3 dxe5 11. dxe5 Qa5 12. Bd2 Nxc3 13. Bxc3 Bb4 14. Rac1 Bd7 15. Qe4 Rac8 16. a3 Bxc3 17. Rxc3 Ne7 18. Ng5 Ng6 19. Re1 Bb5 20. Bxb5 Rxc3 21. bxc3 Qxb5 22. h4 Qd5 23. h5 Qxe4 24. Rxe4 Ne7 25. Rd4 Nc6 26. Rd7 Na5 27. f4 h6 28. Ne4 Rc8 29. Kf2 a6 30. g4 b5 31. Nd6 Rxc3 32. Rd8+ Kh7 33. Nxf7 g6 34. Rd7 gxh5 35. gxh5 Rc2+ 36. Kg3 Nc4 37. Ng5+ Kg8 38. Nxe6 Rc3+ 39. Kf2 Rxa3 40. Nd4 Ra2+ 41. Kf3 Nd2+ 42. Kg4 Ne4 43. Kf5 Nc5 44. Rd5 Nd3 45. Rd8+ Kf7 46. e6+ Ke7 47. Nc6# 1-0

[Event "British Rapidplay"]
[Site "Peterborough"]
[Date "2025.03.01"]
[Round "2.26"]
[White "Sagues, Vincent"]
[Black "Mikalajunas, Kajus"]
[Result "0-1"]
[WhiteElo "1936"]
[BlackElo "2080"]
[PlyCount "82"]
[EventDate "2025.03.01"]
[EventType "swiss (rapid)"]
[EventRounds "11"]
[EventCountry "ENG"]
[SourceTitle "BritBase"]
[Source "John Saunders"]
[SourceDate "2025.03.03"]
[SourceVersion "1"]
[SourceVersionDate "2025.03.03"]
[SourceQuality "2"]

1. e4 c6 2. d4 d5 3. Nc3 dxe4 4. Nxe4 Nf6 5. Nxf6+ exf6 6. c3 Bd6 7. Bd3 O-O 8. Ne2 Re8 9. O-O Nd7 10. Ng3 Nf8 11. f4 c5 12. d5 g6 13. c4 f5 14. Bd2 Bd7 15. a4 h5 16. Qf3 h4 17. Ne2 Nh7 18. Qh3 Be7 19. Bc3 Bf6 20. Bxf6 Qxf6 21. b3 Re7 22. Qf3 Rae8 23. Rae1 Re3 24. Qf2 Rxd3 25. Qxc5 Rde3 26. Kf2 Qb2 27. Qxe3 Rxe3 28. Kxe3 Nf6 29. Rb1 Ng4+ 30. Kd3 Qa3 31. h3 Nf6 32. Nc3 Ne4 33. Nxe4 fxe4+ 34. Kc3 a5 35. Rbd1 Bxa4 36. Rb1 Qb4+ 37. Kc2 Bxb3+ 38. Rxb3 Qxc4+ 39. Rc3 Qxf1 40. d6 Qxg2+ 41. Kb3 Qd2 0-1

[Event "British Rapidplay"]
[Site "Peterborough"]
[Date "2025.03.01"]
[Round "2.27"]
[White "Finn, Peter"]
[Black "Kumar, Arnav"]
[Result "1/2-1/2"]
[WhiteElo "2205"]
[BlackElo "1767"]
[PlyCount "148"]
[EventDate "2025.03.01"]
[EventType "swiss (rapid)"]
[EventRounds "11"]
[EventCountry "ENG"]
[SourceTitle "BritBase"]
[Source "John Saunders"]
[SourceDate "2025.03.03"]
[SourceVersion "1"]
[SourceVersionDate "2025.03.03"]
[SourceQuality "2"]

1. d4 Nf6 2. Nf3 d5 3. g3 Bf5 4. Bg2 e6 5. c4 c6 6. Nc3 Be7 7. Nh4 Bg4 8. h3 Bh5 9. g4 Bg6 10. Nxg6 hxg6 11. Qd3 Nbd7 12. O-O Qc7 13. Rd1 dxc4 14. Qxc4 Nb6 15. Qd3 Nbd5 16. Qf3 O-O 17. e4 Nxc3 18. bxc3 e5 19. Bb2 Rfd8 20. c4 exd4 21. Bxd4 Nd7 22. Rab1 Bf6 23. Be3 Ne5 24. Qe2 Rxd1+ 25. Rxd1 Rd8 26. Rxd8+ Qxd8 27. f4 Nd3 28. e5 Be7 29. Qd2 g5 30. Bf1 gxf4 31. Bxa7 Nxe5 32. Qxd8+ Bxd8 33. Bb8 Ng6 34. Bd3 Bb6+ 35. Kf1 Be3 36. Bf5 Ne7 37. Bd7 g5 38. Bd6 Kf8 39. c5 f6 40. Bc8 b6 41. cxb6 Bxb6 42. Bd7 c5 43. Ke2 Kf7 44. Ba4 Ng6 45. Bb3+ Ke8 46. Be6 Ne5 47. Bxe5 fxe5 48. Kf3 Ke7 49. Bc4 Kf6 50. Ke4 Ba5 51. a4 Bb4 52. Kd5 Bd2 53. Kxc5 e4 54. Kd5 e3 55. Be2 Bc3 56. Ke4 Bb4 57. h4 gxh4 58. Kxf4 Bc5 59. g5+ Kg6 60. Kg4 h3 61. Bd3+ Kg7 62. Kxh3 Bd4 63. a5 Bc5 64. a6 Bd4 65. Kg4 Bc5 66. Kf5 Bd4 67. Ke4 Bc5 68. Kd5 Bb6 69. Kc6 Ba7 70. Kb7 Bd4 71. Kc6 e2 72. Bxe2 Kg6 73. Kd5 Bg1 74. Ke4 Kxg5 1/2-1/2

[Event "British Rapidplay"]
[Site "Peterborough"]
[Date "2025.03.01"]
[Round "2.28"]
[White "Rushbrooke, Remy"]
[Black "McCarthy, Kevin C"]
[Result "1-0"]
[WhiteElo "2094"]
[BlackElo "1944"]
[PlyCount "87"]
[EventDate "2025.03.01"]
[EventType "swiss (rapid)"]
[EventRounds "11"]
[EventCountry "ENG"]
[SourceTitle "BritBase"]
[Source "John Saunders"]
[SourceDate "2025.03.03"]
[SourceVersion "1"]
[SourceVersionDate "2025.03.03"]
[SourceQuality "2"]

1. Nf3 d6 2. d4 g6 3. g3 Bg7 4. Bg2 Nf6 5. c4 O-O 6. Nc3 c6 7. e4 Bg4 8. Be3 Nbd7 9. h3 Bxf3 10. Bxf3 e5 11. d5 c5 12. Qd2 Nb6 13. Be2 Ne8 14. g4 f6 15. h4 Qe7 16. O-O-O a5 17. Bd3 Nc7 18. h5 g5 19. h6 Bh8 20. Rh5 Rf7 21. Ne2 Nd7 22. Ng3 Nf8 23. Nf5 Qd8 24. Rdh1 Ng6 25. Bc2 b5 26. cxb5 Nxb5 27. Bb3 Nd4 28. Bc4 a4 29. Kb1 Rb8 30. a3 Rfb7 31. Rc1 Rxb2+ 32. Qxb2 Rxb2+ 33. Kxb2 Nxf5 34. gxf5 Nf4 35. Rhh1 Qa5 36. Ka2 Ng2 37. Rc2 Nh4 38. Rb1 Bg7 39. Rb8+ Bf8 40. Rcb2 Qc3 41. Ba6 Ng2 42. Bc8 Qc4+ 43. Ka1 Kf7 44. Be6+ 1-0